[Event "Collado Villalba 64 op 6th"]
[Site "Collado Villalba"]
[Date "2018.07.12"]
[Round "6"]
[White "Olmedo Aznar, Eduardo"]
[Black "Jordana Vargas, Julio"]
[Result "1/2-1/2"]
[WhiteElo "1586"]
[BlackElo "1933"]
[PlyCount "96"]
[EventDate "2018.07.08"]
[EventType "swiss"]
[EventRounds "7"]
[EventCountry "ESP"]
[SourceTitle "EXT 2019"]
[Source "ChessBase"]
[SourceDate "2018.10.10"]
[SourceVersion "1"]
[SourceVersionDate "2018.10.10"]
[SourceQuality "1"]

1. d4 Nf6 2. e3 d5 3. Bd3 c5 4. c3 Nc6 5. f4 g6 6. Nf3 b6 7. 0-0 Bb7 8. Ne5 Bg7 9. Nd2 0-0 10. Qf3 e6 11. g4 Ne7 12. Qh3 Ne4 13. Qg2 f6 14. Nef3 Rc8 15. g5 Nf5 16. Re1 Rc7 17. gxf6 Bxf6 18. Bxe4 dxe4 19. Ng5 Bxg5 20. Qxg5 Qe8 21. b3 cxd4 22. cxd4 Rc2 23. Nc4 Ng7 24. Qg4 b5 25. Nd6 Qc6 26. Ba3 Qc3 27. Nxb7 b4 28. Bxb4 Qxb4 29. Qd1 Rd2 30. Qc1 Rxf4 31. exf4 Qxd4+ 32. Kh1 Qf2 33. Qc8+ Kf7 34. Qc7+ Kf6 35. Qe5+ Kf7 36. Qc7+ Kf6 37. Qc3+ Kf7 38. Qg3 Qd4 39. Qe3 Qd5 40. Nc5 Nf5 41. Qh3 e3+ 42. Kg1 Nh4 43. Rxe3 Qxc5 44. Qxe6+ Kg7 45. Qe7+ Qxe7 46. Rxe7+ Kh6 47. Rxa7 Nf3+ 48. Kf1 Nxh2+ 1/2-1/2

[Event "San Sebastian op 41st"]
[Site "San Sebastian"]
[Date "2018.03.25"]
[Round "2"]
[White "Jordana Vargas, Julio"]
[Black "Iruzubieta Villaluenga, Jesus Maria"]
[Result "0-1"]
[WhiteElo "1966"]
[BlackElo "2426"]
[PlyCount "64"]
[EventDate "2018.03.24"]
[EventType "swiss"]
[EventRounds "9"]
[EventCountry "ESP"]
[SourceTitle "CBM 183 Extra"]
[Source "ChessBase"]
[SourceDate "2018.04.19"]
[SourceVersion "1"]
[SourceVersionDate "2018.04.19"]
[SourceQuality "1"]

1. d4 d6 2. Nf3 Nf6 3. g3 Nbd7 4. Bg2 e5 5. 0-0 Be7 6. c4 0-0 7. Nc3 c6 8. Qc2 Re8 9. Rd1 Qc7 10. h3 Bf8 11. e4 exd4 12. Nxd4 g6 13. Be3 a5 14. a3 Nc5 15. Nb3 Nxb3 16. Qxb3 Be6 17. Qa4 Nd7 18. Nd5 cxd5 19. cxd5 Nc5 20. Bxc5 Bd7 21. Bb6 Bxa4 22. Bxc7 Bxd1 23. Rxd1 Rec8 24. Bb6 Bg7 25. b4 axb4 26. axb4 Rc4 27. b5 Ra1 28. Rxa1 Bxa1 29. Be3 Rb4 30. b6 Bd4 31. Bxd4 Rxd4 32. f4 f6 0-1

[Event "Benasque op 37th"]
[Site "Benasque"]
[Date "2017.07.06"]
[Round "1"]
[White "Jordana Vargas, Julio"]
[Black "Gozzoli, Yannick"]
[Result "0-1"]
[WhiteElo "1966"]
[BlackElo "2594"]
[PlyCount "50"]
[EventDate "2017.07.06"]
[EventType "swiss"]
[EventRounds "10"]
[EventCountry "ESP"]
[SourceTitle "CBM 179 Extra"]
[Source "ChessBase"]
[SourceDate "2017.08.23"]
[SourceVersion "1"]
[SourceVersionDate "2017.08.23"]
[SourceQuality "1"]

1. c4 e5 2. g3 Nf6 3. Bg2 c6 4. d4 e4 5. Nc3 d5 6. cxd5 cxd5 7. a3 h6 8. f3 exf3 9. Nxf3 Bd6 10. 0-0 0-0 11. Nh4 Nc6 12. Qd3 Bc7 13. b4 Nxd4 14. Bb2 Be5 15. Rad1 Nc6 16. Nf3 Bc7 17. Kh1 Be6 18. Nb5 Bb6 19. Nfd4 Ne5 20. Qb1 Nc4 21. e4 Bg4 22. e5 Ne4 23. Bxe4 dxe4 24. Ne6 Qxd1 25. Rxd1 Bf3# 0-1

[Event "San Sebastian op 40th"]
[Site "San Sebastian"]
[Date "2017.04.12"]
[Round "6"]
[White "Urriza Iricibar, Pablo"]
[Black "Jordana Vargas, Julio"]
[Result "1-0"]
[WhiteElo "2228"]
[BlackElo "1957"]
[PlyCount "105"]
[EventDate "2017.04.08"]
[EventType "swiss"]
[EventRounds "9"]
[EventCountry "ESP"]
[SourceTitle "CBM 177 Extra"]
[Source "ChessBase"]
[SourceDate "2017.04.27"]
[SourceVersion "1"]
[SourceVersionDate "2017.04.27"]
[SourceQuality "1"]

1. e4 c5 2. Nf3 Nc6 3. Bb5 g6 4. Bxc6 bxc6 5. 0-0 Bg7 6. Re1 Nf6 7. e5 Nd5 8. c4 Nc7 9. b3 0-0 10. Bb2 Ne6 11. Nc3 d6 12. Na4 Nf4 13. exd6 exd6 14. Bxg7 Kxg7 15. d4 cxd4 16. Qxd4+ Qf6 17. Rad1 Rd8 18. Nc3 d5 19. Qxf6+ Kxf6 20. g3 Bg4 21. gxf4 Bxf3 22. Rd3 Bg4 23. cxd5 Bf5 24. Rd2 Rd6 25. f3 cxd5 26. Ne4+ Bxe4 27. fxe4 Kg7 28. Rxd5 Rxd5 29. exd5 Rd8 30. Rd1 Kf6 31. Kf2 Ke7 32. Ke3 Kd6 33. Rc1 Re8+ 34. Kd4 Re2 35. Rc6+ Kd7 36. Ra6 Rd2+ 37. Kc5 Rc2+ 38. Kd4 Rd2+ 39. Kc4 Rc2+ 40. Kd3 Rxh2 41. Rxa7+ Kd6 42. a4 Kxd5 43. Rxf7 Rh3+ 44. Kc2 h5 45. a5 Rh2+ 46. Kc3 h4 47. Kb4 Rf2 48. Kb5 h3 49. a6 Ke4 50. a7 Ra2 51. Kb6 h2 52. Rh7 Ra3 53. b4 1-0

[Event "San Sebastian op 39th"]
[Site "San Sebastian"]
[Date "2016.03.21"]
[Round "4"]
[White "Jordana Vargas, Julio"]
[Black "Nava Pereda, Carlos"]
[Result "0-1"]
[WhiteElo "1983"]
[BlackElo "2268"]
[PlyCount "54"]
[EventDate "2016.03.19"]
[EventType "swiss"]
[EventRounds "9"]
[EventCountry "ESP"]
[SourceTitle "CBM 171 Extra"]
[Source "ChessBase"]
[SourceDate "2016.04.26"]
[SourceVersion "1"]
[SourceVersionDate "2016.04.26"]
[SourceQuality "1"]

1. Nf3 Nf6 2. d4 e6 3. g3 b5 4. Bg2 Bb7 5. 0-0 d5 6. a4 b4 7. Nbd2 c5 8. c3 a5 9. Ne5 cxd4 10. cxd4 Bd6 11. Ndf3 h6 12. Bf4 0-0 13. Rc1 Qb6 14. Nd3 Bxf4 15. gxf4 Nbd7 16. e3 Ba6 17. Re1 Rfc8 18. Nfe5 Rxc1 19. Qxc1 Rc8 20. Qd2 Nxe5 21. fxe5 Nd7 22. Rc1 Rxc1+ 23. Nxc1 Qc6 24. b3 Kf8 25. Bf1 Bxf1 26. Kxf1 f6 27. f4 f5 0-1

[Event "Collado Villalba op-A 32nd"]
[Site "Collado Villalba"]
[Date "2015.08.27"]
[Round "6"]
[White "Bermejo, Luis"]
[Black "Jordana Vargas, Julio"]
[Result "1-0"]
[WhiteElo "2167"]
[BlackElo "1998"]
[PlyCount "46"]
[EventDate "2015.08.22"]
[EventType "swiss"]
[EventRounds "9"]
[EventCountry "ESP"]
[SourceTitle "EXT 2016"]
[Source "ChessBase"]
[SourceDate "2015.10.08"]
[SourceVersion "1"]
[SourceVersionDate "2015.10.08"]
[SourceQuality "1"]

1. e4 c5 2. Nf3 Nc6 3. Bb5 g6 4. Bxc6 bxc6 5. 0-0 Bg7 6. d3 Nf6 7. h3 0-0 8. e5 Nd5 9. c4 Nc7 10. Nc3 Ne6 11. Be3 d6 12. exd6 exd6 13. d4 cxd4 14. Nxd4 Qc7 15. b3 Qa5 16. Rc1 Nxd4 17. Bxd4 Bh6 18. Ne4 f5 19. Bc3 Qb6 20. Nf6+ Rxf6 21. Bxf6 Bxc1 22. Qxc1 Be6 23. Ba1 Qc5 1-0

[Event "Collado Villalba op-A 32nd"]
[Site "Collado Villalba"]
[Date "2015.08.26"]
[Round "5"]
[White "Jordana Vargas, Julio"]
[Black "Rodriguez Melendez, Juan Humbert"]
[Result "1-0"]
[WhiteElo "1998"]
[BlackElo "2130"]
[PlyCount "97"]
[EventDate "2015.08.22"]
[EventType "swiss"]
[EventRounds "9"]
[EventCountry "ESP"]
[SourceTitle "EXT 2016"]
[Source "ChessBase"]
[SourceDate "2015.10.08"]
[SourceVersion "1"]
[SourceVersionDate "2015.10.08"]
[SourceQuality "1"]

1. c4 Nf6 2. Nc3 g6 3. d4 Bg7 4. e4 d6 5. Be2 0-0 6. Bg5 c5 7. d5 e6 8. Nf3 a6 9. 0-0 h6 10. Be3 Ng4 11. Bd2 e5 12. h3 Nf6 13. a3 Nh5 14. b4 b6 15. Qc1 Kh7 16. Ne1 Nf4 17. Nd3 Nxe2+ 18. Nxe2 f5 19. f3 Nd7 20. Rb1 Nf6 21. Nf2 f4 22. bxc5 bxc5 23. Qb2 Nh5 24. Qb6 Bf6 25. Qc6 Ra7 26. Rb8 Be7 27. Rfb1 Qd7 28. Ba5 Nf6 29. Nc3 Kg7 30. Na4 Kf7 31. Nb6 Qxc6 32. dxc6 Rc7 33. Nxc8 Rcxc8 34. c7 Nd7 35. R8b7 Ke6 36. Nd1 Bh4 37. Nc3 Nf6 38. Kf1 h5 39. R1b6 g5 40. Rxa6 g4 41. Nb5 Ne8 42. Na7 Nxc7 43. Bxc7 Rxc7 44. Rxc7 gxh3 45. gxh3 Rg8 46. Nb5 Be7 47. Raa7 Bh4 48. Rg7 Rd8 49. Nc7+ 1-0

[Event "Collado Villalba op-A 32nd"]
[Site "Collado Villalba"]
[Date "2015.08.24"]
[Round "3"]
[White "Jordana Vargas, Julio"]
[Black "Cabrera Jimenez, Julio"]
[Result "1-0"]
[WhiteElo "1998"]
[BlackElo "1801"]
[PlyCount "87"]
[EventDate "2015.08.22"]
[EventType "swiss"]
[EventRounds "9"]
[EventCountry "ESP"]
[SourceTitle "EXT 2016"]
[Source "ChessBase"]
[SourceDate "2015.10.08"]
[SourceVersion "1"]
[SourceVersionDate "2015.10.08"]
[SourceQuality "1"]

1. c4 e5 2. Nc3 Nf6 3. Nf3 Nc6 4. g3 Bc5 5. Bg2 0-0 6. 0-0 d6 7. e3 Bg4 8. h3 Bh5 9. g4 Bg6 10. d4 exd4 11. exd4 Bb6 12. Bg5 h6 13. Bh4 Bh7 14. g5 hxg5 15. Bxg5 Qd7 16. Bxf6 gxf6 17. Nd5 Qf5 18. Qd2 Kh8 19. Qh6 Qg6 20. Qf4 Rg8 21. Qxf6+ Qxf6 22. Nxf6 Rg6 23. Nxh7 Kxh7 24. Kh1 Nxd4 25. Nxd4 Bxd4 26. Be4 Rag8 27. Rab1 Kh6 28. Bxg6 Rxg6 29. b3 Kh5 30. Rbd1 c5 31. Rd3 Rf6 32. Kg2 Re6 33. Rg3 Re2 34. a4 f5 35. h4 f4 36. Rg5+ Kh6 37. Kf3 Rb2 38. Rg2 Be5 39. Ke4 Rxb3 40. Rfg1 Rh3 41. Rg4 Rc3 42. Kf5 Rxc4 43. Rg6+ Kh7 44. R6g5 1-0

[Event "Collado Villalba op-A 32nd"]
[Site "Collado Villalba"]
[Date "2015.08.22"]
[Round "1"]
[White "Jordana Vargas, Julio"]
[Black "Perez Mitjans, Orelvis"]
[Result "0-1"]
[WhiteElo "1998"]
[BlackElo "2434"]
[PlyCount "148"]
[EventDate "2015.08.22"]
[EventType "swiss"]
[EventRounds "9"]
[EventCountry "ESP"]
[SourceTitle "EXT 2016"]
[Source "ChessBase"]
[SourceDate "2015.10.08"]
[SourceVersion "1"]
[SourceVersionDate "2015.10.08"]
[SourceQuality "1"]

1. c4 Nc6 2. Nc3 e5 3. Nf3 Nf6 4. g3 Bc5 5. Bg2 d6 6. 0-0 a6 7. e3 Ba7 8. d4 0-0 9. dxe5 dxe5 10. Qc2 Bg4 11. Rd1 Qe7 12. Nd5 Nxd5 13. cxd5 Nb8 14. h3 Bh5 15. Qf5 Bxf3 16. Qxf3 Nd7 17. b3 Qd6 18. Bb2 f5 19. Rac1 Rf7 20. Rc6 e4 21. Rxd6 exf3 22. Rxd7 Rxd7 23. Bxf3 Bc5 24. Kg2 a5 25. a4 Kf8 26. Rc1 Bd6 27. Be2 Re7 28. Bd3 g6 29. h4 h5 30. Bf6 Rf7 31. Bd4 Rd8 32. Kf3 Ke7 33. Bc4 Rg8 34. Rh1 b6 35. Kg2 Rd8 36. Rd1 Kf8 37. Re1 Re8 38. Rd1 Kg8 39. Rc1 Kh7 40. Re1 Kh6 41. Rh1 Rh7 42. Bf6 Be7 43. Bd4 g5 44. hxg5+ Kxg5 45. Bd3 Rf8 46. f3 Bf6 47. Bxf6+ Kxf6 48. g4 Rhh8 49. Bxf5 hxg4 50. Bxg4 Rxh1 51. Kxh1 Ke5 52. e4 Rf6 53. Kg2 c6 54. Be6 Kf4 55. Kf2 Rh6 56. Ke2 cxd5 57. exd5 Ke5 58. Kd3 Rh4 59. Kc3 Rf4 60. Kd3 Rxf3+ 61. Kc4 Kd6 62. Bg8 Rf4+ 63. Kc3 Kc5 64. Be6 Rf3+ 65. Kc2 Re3 66. Bg8 Re8 67. Be6 Kb4 68. Bf7 Rc8+ 69. Kb2 Rf8 70. Be6 Rf2+ 71. Kc1 Kxb3 72. d6+ Kxa4 73. Bd7+ Kb4 74. Be6 Rf6 0-1

[Event "Mostoles op 8th"]
[Site "Mostoles"]
[Date "2015.07.21"]
[Round "6"]
[White "Jordana Vargas, Julio"]
[Black "Longa Yauca, Javier"]
[Result "0-1"]
[WhiteElo "1998"]
[BlackElo "2255"]
[PlyCount "77"]
[EventDate "2015.07.16"]
[EventType "swiss"]
[EventRounds "9"]
[EventCountry "ESP"]
[SourceTitle "EXT 2016"]
[Source "ChessBase"]
[SourceDate "2015.10.08"]
[SourceVersion "1"]
[SourceVersionDate "2015.10.08"]
[SourceQuality "1"]

1. c4 Nf6 2. g3 e5 3. Nc3 Bc5 4. Bg2 0-0 5. e3 d6 6. Nge2 c6 7. d4 Bb4 8. 0-0 Qe7 9. a3 Ba5 10. b4 Bc7 11. Bb2 e4 12. d5 Re8 13. h3 a6 14. Qd4 c5 15. bxc5 dxc5 16. Qd2 Bf5 17. Rfd1 Qd6 18. a4 Nbd7 19. Ba3 Ne5 20. Qa2 h5 21. h4 Nf3+ 22. Bxf3 exf3 23. Nf4 Ba5 24. Rac1 b6 25. Bb2 Qd7 26. d6 Be4 27. Ba1 Qg4 28. Qb2 Rad8 29. Kh2 Bc6 30. Rd3 Qf5 31. Ncd5 Ng4+ 32. Kg1 f6 33. Rcd1 Ne5 34. e4 Qxe4 35. Re3 Qxc4 36. Rc1 Qxa4 37. Ne7+ Rxe7 38. dxe7 Rd1+ 39. Re1 0-1

[Event "Mostoles op 8th"]
[Site "Mostoles"]
[Date "2015.07.19"]
[Round "4"]
[White "Fernandez Gil, Ruben Carlos"]
[Black "Jordana Vargas, Julio"]
[Result "0-1"]
[WhiteElo "2117"]
[BlackElo "1998"]
[PlyCount "100"]
[EventDate "2015.07.16"]
[EventType "swiss"]
[EventRounds "9"]
[EventCountry "ESP"]
[SourceTitle "EXT 2016"]
[Source "ChessBase"]
[SourceDate "2015.10.08"]
[SourceVersion "1"]
[SourceVersionDate "2015.10.08"]
[SourceQuality "1"]

1. e4 c5 2. Nc3 g6 3. g3 Bg7 4. Bg2 Nc6 5. d3 d6 6. Be3 Nf6 7. h3 Rb8 8. a4 a6 9. f4 0-0 10. Nf3 b5 11. axb5 axb5 12. 0-0 b4 13. Ne2 Ne8 14. Rb1 Ba6 15. b3 Nc7 16. g4 Nb5 17. Qe1 Na3 18. Rc1 Bb2 19. Qh4 f6 20. f5 Bxc1 21. Rxc1 Ne5 22. fxg6 Nxg6 23. Qh5 Bb5 24. Bh6 Be8 25. Bxf8 Nxf8 26. Qh6 Ng6 27. h4 Bf7 28. h5 Qf8 29. Qe3 Ne5 30. Nxe5 fxe5 31. Ng3 Be6 32. Rf1 Qg7 33. Nf5 Bxf5 34. Rxf5 Kh8 35. Qf2 Kg8 36. Qh4 h6 37. g5 Rf8 38. gxh6 Qxh6 39. Rg5+ Kh8 40. Rg6 Qc1+ 41. Kh2 Qf4+ 42. Kh3 Qxh4+ 43. Kxh4 Nxc2 44. Rh6+ Kg7 45. Kg5 Rf6 46. Rg6+ Rxg6+ 47. hxg6 Nd4 48. Bh3 Nxb3 49. Be6 Nd4 50. Bd5 b3 0-1

[Event "Mostoles op 7th"]
[Site "Mostoles "]
[Date "2014.07.17"]
[Round "2"]
[White "Longa Yauca, Javier"]
[Black "Jordana Vargas, Julio"]
[Result "1-0"]
[WhiteElo "2320"]
[BlackElo "1950"]
[PlyCount "56"]
[EventDate "2014.07.16"]
[EventType "swiss"]
[EventRounds "9"]
[EventCountry "ESP"]
[SourceTitle "EXT 2015"]
[Source "ChessBase"]
[SourceDate "2014.11.20"]
[SourceVersion "1"]
[SourceVersionDate "2014.11.20"]
[SourceQuality "1"]

1. e4 e6 2. d4 d5 3. Nd2 Nf6 4. e5 Nfd7 5. Bd3 c5 6. c3 Nc6 7. Ne2 Be7 8. 0-0 0-0 9. Kh1 f5 10. Nf4 Nb6 11. dxc5 Bxc5 12. Qe2 a5 13. Nf3 Qe7 14. h4 Bd7 15. g3 Rac8 16. Bd2 a4 17. b4 axb3 18. axb3 Qd8 19. Ng5 Qe8 20. b4 Be7 21. Ngxe6 Bxe6 22. Nxe6 Rf7 23. Nd4 Bf8 24. Rfe1 g6 25. e6 Re7 26. g4 fxg4 27. Qxg4 Bg7 28. Nxc6 bxc6 1-0

[Event "Madrid San Viator op 22nd"]
[Site "Madrid"]
[Date "2014.05.18"]
[Round "7"]
[White "Begona Ortiz, Isaac"]
[Black "Jordana Vargas, Julio"]
[Result "0-1"]
[WhiteElo "1784"]
[BlackElo "1948"]
[PlyCount "46"]
[EventDate "2014.03.23"]
[EventType "swiss"]
[EventRounds "9"]
[EventCountry "ESP"]
[SourceTitle "EXT 2015"]
[Source "ChessBase"]
[SourceDate "2014.11.20"]
[SourceVersion "1"]
[SourceVersionDate "2014.11.20"]
[SourceQuality "1"]

1. Nf3 Nf6 2. d4 e6 3. h3 c5 4. e3 Nc6 5. c3 d5 6. Nbd2 Bd6 7. Qc2 Bd7 8. e4 cxd4 9. cxd4 Rc8 10. Qb1 dxe4 11. Nxe4 Nxe4 12. Qxe4 Nb4 13. Bd3 Bc6 14. Qe2 Nxd3+ 15. Qxd3 Bxf3 16. gxf3 Bb4+ 17. Ke2 Qd5 18. Be3 0-0 19. Rac1 Qxa2 20. Rb1 Rc3 21. Qe4 Qc4+ 22. Kd1 Rd3+ 23. Qxd3 Qxd3+ 0-1

[Event "Colmenarejo Spring op 8th"]
[Site "Colmenarejo"]
[Date "2013.04.28"]
[Round "3.2"]
[White "Lopez Perolio, Jorge"]
[Black "Jordana Vargas, Julio"]
[Result "0-1"]
[WhiteElo "1770"]
[BlackElo "1912"]
[PlyCount "74"]
[EventDate "2013.04.14"]
[EventType "swiss"]
[EventRounds "7"]
[EventCountry "ESP"]
[SourceTitle "EXT 2024"]
[Source "ChessBase"]
[SourceDate "2023.10.10"]
[SourceVersion "1"]
[SourceVersionDate "2023.10.10"]
[SourceQuality "1"]

1. d4 Nf6 2. Nf3 d5 3. Bf4 e6 4. e3 Bd6 5. Ne5 0-0 6. Bd3 c5 7. c3 Nc6 8. Nd2 cxd4 9. exd4 Qc7 10. Qe2 Ne7 11. g4 Ne8 12. g5 Nf5 13. Bg3 a6 14. f4 b5 15. a3 Be7 16. Nf1 f6 17. gxf6 Nxf6 18. Ne3 Rb8 19. Bf2 a5 20. N3g4 b4 21. axb4 axb4 22. Nxf6+ Rxf6 23. c4 dxc4 24. Bxc4 b3 25. d5 Bb4+ 26. Kf1 exd5 27. Ra7 Nd4 28. Rxc7 Bh3+ 29. Kg1 Nxe2+ 30. Bxe2 Rxf4 31. Nd3 Ra8 32. Rc1 Rc4 33. Rd1 Bd6 34. Bf3 Ra5 35. Bg3 Bf8 36. Nf4 Rxf4 37. Bg2 Bc5+ 0-1

[Event "Collado Villalba op 28th"]
[Site "Collado Villalba"]
[Date "2011.08.27"]
[Round "5"]
[White "Montoya Pecurul, Marc"]
[Black "Jordana Vargas, Julio"]
[Result "1-0"]
[WhiteElo "1796"]
[BlackElo "1925"]
[PlyCount "69"]
[EventDate "2011.08.23"]
[EventType "swiss"]
[EventRounds "9"]
[EventCountry "ESP"]
[SourceTitle "CBM 144 Extra"]
[Source "ChessBase"]
[SourceDate "2011.10.28"]
[SourceVersion "1"]
[SourceVersionDate "2011.10.28"]
[SourceQuality "1"]

1. e4 Nf6 2. e5 Nd5 3. d4 d6 4. c4 Nb6 5. exd6 cxd6 6. Nc3 g6 7. Bd3 Bg7 8. Nge2 Nc6 9. Be3 Nb4 10. Bb1 0-0 11. b3 Nc6 12. 0-0 e5 13. a3 f5 14. d5 Ne7 15. f4 Nd7 16. Ra2 Nf6 17. h3 Nh5 18. Qe1 g5 19. fxe5 f4 20. exd6 Qxd6 21. Bd4 Bxd4+ 22. Nxd4 Qc5 23. Ncb5 Bd7 24. b4 Qc8 25. Nd6 Qb8 26. c5 a6 27. Ne6 Bxe6 28. dxe6 Kg7 29. Qc3+ Nf6 30. Rd2 Kg8 31. Nf7 Rxf7 32. exf7+ Kxf7 33. Ba2+ Kg6 34. Rd6 Neg8 35. Bxg8 1-0

[Event "Collado Villalba op 28th"]
[Site "Collado Villalba"]
[Date "2011.08.25"]
[Round "3"]
[White "Esquivias Gomez, Francisco Javier"]
[Black "Jordana Vargas, Julio"]
[Result "1/2-1/2"]
[WhiteElo "2036"]
[BlackElo "1925"]
[PlyCount "64"]
[EventDate "2011.08.23"]
[EventType "swiss"]
[EventRounds "9"]
[EventCountry "ESP"]
[SourceTitle "CBM 144 Extra"]
[Source "ChessBase"]
[SourceDate "2011.10.28"]
[SourceVersion "1"]
[SourceVersionDate "2011.10.28"]
[SourceQuality "1"]

1. e4 Nf6 2. e5 Nd5 3. d4 d6 4. Nf3 g6 5. Bc4 Nb6 6. Bb3 Bg7 7. a4 a5 8. Ng5 d5 9. f4 0-0 10. 0-0 Bf5 11. c3 Na6 12. Na3 h6 13. Nf3 Rc8 14. Bc2 Bxc2 15. Nxc2 c5 16. Qe1 e6 17. Qg3 cxd4 18. Ncxd4 Nc5 19. Qh3 Re8 20. f5 exf5 21. Bxh6 Ne6 22. Nxe6 Rxe6 23. Bf4 Rc4 24. Nd4 Re8 25. Qg3 Qc8 26. Kh1 Nxa4 27. Nb5 Nc5 28. Nd6 Ne4 29. Nxc8 Nxg3+ 30. Bxg3 Rcxc8 31. Rxa5 Rcd8 32. Rb5 Rd7 1/2-1/2